To a pleasure a prince / (Registro n. 7536)
[ somente texto ]
| 000 -LÍDER | |
|---|---|
| campo de controle de tamanho fixo | 01431nam a2200229 a 4500 |
| 001 - NÚMERO DE CONTROLE | |
| campo de controle | BS0002476 |
| 003 - IDENTIFICADOR DO NÚMERO DE CONTROLE | |
| campo de controle | BR-BrBNA |
| 005 - DATA E HORÁRIO DA ÚLTIMA TRANSAÇÃO | |
| campo de controle | 20230911141150.0 |
| 008 - CAMPO DE DADOS FIXOS--INFORMAÇÃO GERAL | |
| campo de controle de tamanho fixo | 230308b |||||||| |||| 00| 0 por d |
| 040 ## - FONTE DA CATALOGAÇÃO | |
| Instituição da catalogação original | BR-BrBNA |
| Idioma da catalogação | por |
| Instituição que transcreveu o registro | Biblioteca Nacional de Agricultura |
| 041 ## - CÓDIGO DE IDIOMA | |
| Código do idioma do texto/trilha sonora ou título diferente | por |
| 072 ## - CÓDIGO DE CATEGORIA DE ASSUNTO | |
| Código de Categoria de Assunto | S85 |
| 090 ## - NÚMERO DE CHAMADA LOCAL | |
| Número de chamada | S85 BS0002476 |
| 100 1# - ENTRADA PRINCIPAL--NOME PESSOAL | |
| Nome pessoal | Jeffries, Sabrina. |
| 245 1# - TÍTULO | |
| Título | To a pleasure a prince / |
| 260 3# - PUBLICAÇÃO, DISTRIBUIÇÃO, ETC. | |
| Local de publicação, distribuição, etc. | Nova Iorque: |
| Nome do editor, distribuidor, etc. | Pocket Star Books, |
| Data da publicação, distribuição, etc. | 2005. |
| 300 ## - DESCRIÇÃO FÍSICA | |
| Extensão | 362 p. |
| 520 3# - NOTA DE RESUMO, ETC | |
| Resumo, etc. | Beautiful Lady Regina Tremaine has turned down se many suitors that she's called La Belle Dame Sans Merci. The truth: she won't marry because she carries a dark secret. She sees no good reason, however, why her brother shouldn't court the lovely Louisa North - even it the girl's brother, the notorious "Dragon Viscount," objects. Marcus North, Viscount Draker - bastard son of the Prince of Wales-is rumored to be a monster who holds women captive in his dark castle to have his way with them. He has been exiled from polite society for years. But when Lady Regina makes a plea on her brother's behalf; Marcus proposes an outrageous deal: her brother can court Louisa se long as Marcus can court Regina. Can the beauty and the beast survive a proper court-ship when the devastatingly improper passion between them threatens to cause the scandal of the century? |
| 650 ## - ASSUNTO--TERMO TÓPICO | |
| Cabeçalho tópico ou nome geográfico | LITERATURA AMERICANA |
| 650 ## - ASSUNTO--TERMO TÓPICO | |
| Cabeçalho tópico ou nome geográfico | ROMANCE |
| 942 ## - ELEMENTOS DE ENTRADA ADICIONADOS (KOHA) | |
| Tipo de material Koha | Livros |
| Fonte da classificação ou esquema de arquivamento na estante | Classificação AGRIS |
| Situação do descarte | Fonte da classificação ou esquema de arquivamento na estante | Situação física | Não pode ser emprestado | Coleção | Biblioteca de origem | Biblioteca atual | Total de empréstimos | Número de telefone completo | Código de barras | Data de último acesso | Número do exemplar | Tipo de material Koha | Situação das perdas | Data de aquisição | Fonte de aquisição | Qualificador de local codificado |
|---|---|---|---|---|---|---|---|---|---|---|---|---|---|---|---|---|
| Classificação AGRIS | Acervo Cultural | Biblioteca Nacional de Agricultura - Binagri | Biblioteca Nacional de Agricultura - Binagri | S85 BS0002476 | S85 BS0002476 | 12/04/2023 | 01 | Livros | 2023-04-04 | Doação | S85 |

BINAGRI